| 000 | 01042pam a2200277 a 4500 | ||
|---|---|---|---|
| 001 | 3505250 | ||
| 003 | NUST - PNEC | ||
| 005 | 20170116181040.0 | ||
| 008 | 950405s1995 nyua b 001 0 eng | ||
| 010 | _a 95016286 | ||
| 020 | _a0442014368 | ||
| 040 | _cLIBRARY | ||
| 082 | 0 | 0 | _a621.382 WAG |
| 100 | 1 | _aWaggener, William N. | |
| 245 | 1 | 0 |
_aPulse code modulation techniques : _bwith applications in communications and data recording / _cBill Waggener. |
| 260 |
_aNew York : _bVan Nostrand Reinhold, _cc1995. |
||
| 300 |
_axiii, 368 p. : _bill. ; _c27 cm. |
||
| 500 | _a"A Solomon Press book." | ||
| 504 | _aIncludes bibliographical references and index. | ||
| 650 | 0 | _aDigital communications. | |
| 650 | 0 |
_aPulse-code modulation. _xME |
|
| 856 | 4 | 2 |
_3Publisher description _uhttp://www.loc.gov/catdir/enhancements/fy0820/95016286-d.html |
| 906 |
_a7 _bcbc _corignew _d1 _eocip _f19 _gy-gencatlg |
||
| 942 |
_2ddc _cBK |
||
| 999 |
_c68062 _d68062 |
||